Tribals and Dalits in Orissa: (Record no. 180586)

MARC details
000 -LEADER
fixed length control field 00645nam a22001937a 4500
005 - DATE AND TIME OF LATEST TRANSACTION
control field 20210812111414.0
010 ## - LCCN (DPL NO)
LC control number ENG-129834
020 ## - INTERNATIONAL STANDARD BOOK NUMBER
Terms of availability 945.00
International Standard Book Number 978-0-19-948940-4
035 ## - SYSTEM CONTROL NUMBER
System control number EN-113366
037 ## - SOURCE OF ACQUISITION
Source of stock number/acquisition DBAD/PUB
082 ## - DEWEY DECIMAL CLASSIFICATION NUMBER
Classification number 954.133
100 ## - MAIN ENTRY--PERSONAL NAME
Personal name Pati, Biswamoy
245 ## - TITLE STATEMENT
Title Tribals and Dalits in Orissa:
Remainder of title Towards a Social History of Exclusion, c. 1800-1950/
Statement of responsibility, etc Biswamoy Pati
250 ## - EDITION STATEMENT
Edition statement 2019
260 ## - PUBLICATION, DISTRIBUTION, ETC. (IMPRINT)
Name of publisher, distributor, etc Oxford University press
Date of publication, distribution, etc 2019
Place of publication, distribution, etc New Delhi
270 ## - ADDRESS
Address 2/11 Ground floor,Ansari Road,Daryaganj
City New Delhi
Postal code 110002
300 ## - PHYSICAL DESCRIPTION
Extent 221 p.
Dimensions 22cm (hbk)
Other physical details Bibiliography, Index
942 ## - ADDED ENTRY ELEMENTS (KOHA)
Source of classification or shelving scheme Dewey Decimal Classification
Item type English Books
Classification part 954.133
Call number prefix PAT
Holdings
Withdrawn status Lost status Not for loan Collection code Home library Current library Date acquired Source of acquisition Cost, normal purchase price Full call number Barcode Copy number Cost, replacement price Koha item type
      Non-fiction Shahdara Branch Shahdara Branch 12/08/2021 DBAD/PUB 945.00 954.133 EN-113366 1 945.00 English Books

© Delhi Public Library
Hit Counter
free hit counter